Building the future / (Record no. 132855)

MARC details
000 -LEADER
fixed length control field 00609nam a22002297a 4500
005 - DATE AND TIME OF LATEST TRANSACTION
control field 20170124110200.0
010 ## - LIBRARY OF CONGRESS CONTROL NUMBER
LC control number A-050760
020 ## - INTERNATIONAL STANDARD BOOK NUMBER
Terms of availability 00.00
035 ## - SYSTEM CONTROL NUMBER
System control number A-050760
037 ## - SOURCE OF ACQUISITION
Source of stock number/acquisition Cen Lib/Ret
040 ## - CATALOGING SOURCE
Original cataloging agency DPL
Language of cataloging EN
082 ## - DEWEY DECIMAL CLASSIFICATION NUMBER
Classification number 060
Item number MBO
100 ## - MAIN ENTRY--PERSONAL NAME
Personal name M'Bow, Amadou-Mahtar
9 (RLIN) 35948
245 ## - TITLE STATEMENT
Title Building the future /
Statement of responsibility, etc by Amadou-Mahtar M'Bow
246 ## - VARYING FORM OF TITLE
Remainder of title
260 ## - PUBLICATION, DISTRIBUTION, ETC. (IMPRINT)
Name of publisher, distributor, etc UNESCO
Place of publication, distribution, etc Paris
Date of publication, distribution, etc 1981
270 ## - ADDRESS
City Paris
Address 7, place de fontenoy
300 ## - PHYSICAL DESCRIPTION
Extent 258p.
Dimensions 19cm(Hb)
650 ## - SUBJECT ADDED ENTRY--TOPICAL TERM
Topical term or geographic name as entry element Career planning
9 (RLIN) 9784
650 ## - SUBJECT ADDED ENTRY--TOPICAL TERM
Topical term or geographic name as entry element future building
9 (RLIN) 35949
942 ## - ADDED ENTRY ELEMENTS (KOHA)
Source of classification or shelving scheme Dewey Decimal Classification
Koha item type English Books
Classification part 060
Call number suffix MBO
Holdings
Withdrawn status Lost status Damaged status Not for loan Home library Current library Date acquired Source of acquisition Cost, normal purchase price Total Checkouts Full call number Barcode Date last seen Copy number Cost, replacement price Price effective from Koha item type
        Central Library Central Library 23/07/2015 Cen Lib/Ret 0.00   060 MBO A-050760 23/07/2015 1 0.00 15/09/2016 English Books

© Delhi Public Library
Hit Counter
free hit counter